000 01168nam a2200301 i 4500
001 196532
003 ES-MaACL
005 20241013063049.0
007 ta
008 241004b1988 sp ||||| |||| 00| 0 spa d
040 _bspa
_cES-MaACL
_dES-MaACL
100 _aTomás Navarro, Domingo
_9239028
_edrt
245 _aLisboa en el corazón de Pessoa
260 _aMadrid :
_bInstitución cultural "El Brocense",
_bDiputación provincial de Cáceres,
_eArtes Gráficas Danubio,
_c1988
300 _a[11] p. ;
_bil. n.;
_c32 cm
336 _2rdacontent
_atexto
337 _2rdamedia
_asin mediación
338 _2rdacarrier
_avolumen
500 _aTextos de Fernando Pessoa, Manuel Veiga López, José Saramago y Antonio Hernández Gil
600 1 4 _991451
_aPessoa, Fernando,
_d1888-1935
655 7 _2tgfbne
_9176539
_aPoesías
852 _aES-MaACL
_cDEPOF
_j FOLL-BUE-28
_hLegado: Antonio Buero Vallejo
_9204245
903 _932421
_aBuero Vallejo, Antonio,
_q1
_d1916-2000
_ednr
942 _n0
_cFOLLETOS
999 _c196532
_d196532